Modernización de sistemas del plantel de ventas de La Garita, refinadora costarricense de petróleo: parte A

Guardado en:
Bibliografiske detaljer
Hovedforfatter: Méndez Méndez, Eickel
Format: Bog
Sprog:Undetermined
Udgivet: [San José, Costa Rica] 2009
Fag:
Tags: Tilføj Tag
Ingen Tags, Vær først til at tagge denne postø!

MARC

LEADER 00000nam a2200000Ia 4500
003 001477
005 20221231144044.0
008 140114s9999 xx 000 0 und d
040 |c cru CEDI 
090 |a TFG 5996 
100 |a Méndez Méndez, Eickel  |9 3509 
245 |a Modernización de sistemas del plantel de ventas de La Garita, refinadora costarricense de petróleo: parte A 
260 |c 2009  |b [San José, Costa Rica] 
300 |a ix, 81 hojas; ilustraciones (principalmente a color) 
500 |a Proyecto de graduación (bachillerato en ingeniería eléctrica)--Universidad de Costa Rica. Facultad de Ingeniería. Escuela de Ingeniería Eléctrica. Departamento de Automática 
650 |x AUTOMATIZACION  |x CONTROL AUTOMATICO  |x  REFINADORA COSTARRICENSE DE PETROLEO   |x  PETROLEO   |x LA GARITA (ALAJUELA, COSTA RICA)   |9 3503 
942 |c TFG 
999 |c 16232  |d 16232